00644nam a2200181Ia 4500003000900000008004100009040001600050080001800066100003000084245011200114260002100226300001300247490005200260650003400312942000700346999001500353952009400368IN-BaIIA211028s9999 xx 000 0 eng d cIIA Library a083.8:52bWIL aWilson, Ralph Elmer93507 0aGeneral catalogue of stellar radial velocitiescRalph Elmer Wilson  aWashingtonc1953 ax, 344p. aPapers of the Mount Wilson Observatory; v. VIII aStellar radial velocity93508 cBK c1825d1825 00104070aBANbBANcGENd0000-00-00l0o083.8:52/ WILp2002r2021-11-05w0000-00-00yBK